000 00519nam a2200181Ia 4500
005 20250423100436.0
008 250422s9999 xx 000 0 und d
020 _a9780198528968
050 _aRM 930 .B37/
100 _aBarnes, Michael P., 1952-
245 0 _aOxford handbook of rehabilitation medicine
260 _a New York
260 _bOxford University Press
260 _c2005
300 _a458 p
650 _aRehabilitation_Handbooks. Medical rehabilitation - Handbooks, manuals, etc.
942 _cBK
999 _c33319
_d33319